Великий сын России (Запись № 741627)

Подробности
000 -МАРКЕР
контрольное поле 02375nam0a2200433 4500
001 - ИДЕНТИФИКАТОР ЗАПИСИ
контрольное поле RU\NLR\bibl\737583
005 - ИДЕНТИФИКАТОР ВЕРСИИ
контрольное поле 20260406063215.0
010 ## - МЕЖДУНАРОДНЫЙ СТАНДАРТНЫЙ НОМЕР КНИГИ (ISBN)
Номер (ISBN) 5-02-033525-8
021 ## - НОМЕР ГОСУДАРСТВЕННОЙ РЕГИСТРАЦИИ
Код страны Российская Федерация
Номер 2004-61260
Номер Листа государственной регистраци 3013
035 ## - ДРУГИЕ СИСТЕМНЫЕ НОМЕРА
Идентификатор записи RSL-KNO-002485034
035 ## - ДРУГИЕ СИСТЕМНЫЕ НОМЕРА
Идентификатор записи (NLR Aleph) 000727498
100 ## - ДАННЫЕ ОБЩЕЙ ОБРАБОТКИ
Данные общей обработки 20041005d2004 |||y0rusy50 ca
101 0# - ЯЗЫК РЕСУРСА
Язык текста, звукозаписи и т.д. русский
Язык резюме английский
102 ## - СТРАНА ПУБЛИКАЦИИ ИЛИ ПРОИЗВОДСТВА
Страна публикации Российская Федерация
105 ## - ПОЛЕ КОДИРОВАННЫХ ДАННЫХ: ТЕКСТОВЫЕ МАТЕРИАЛЫ, МОНОГРАФИЧЕСКИЕ
Кодированные данные о монографическом текстовом документе a |||||||||
106 ## - ПОЛЕ КОДИРОВАННЫХ ДАННЫХ: ТЕКСТОВЫЕ РЕСУРСЫ – ФОРМА
Форма ресурса: кодированные данные: обозначение носителя r
200 1# - ЗАГЛАВИЕ И СВЕДЕНИЯ ОБ ОТВЕТСТВЕННОСТИ
Основное заглавие Великий сын России
Параллельное заглавие Great son of Russia
Сведения, относящиеся к заглавию К 155-летию со дня рождения и 100-летию присуждения Нобелевской премии И.П. Павлову
Первые сведения об ответственности А.И. Григорьев, Н.А. Григорьян
Последующие сведения об ответственности [Рос. акад. наук, Отд-ние биол. наук, Ин-т истории естествознания и техники им. С.И. Вавилова]
Язык параллельного заглавия английский
210 ## - ПУБЛИКАЦИЯ, РАСПРОСТРАНЕНИЕ И ДР.
Место издания, распространения и т.д. М.
Имя издателя, распространителя и т. д. Наука
Дата издания, распространения и т.д. 2004
Имя изготовителя ППП Тип. Наука
215 ## - ФИЗИЧЕСКАЯ ХАРАКТЕРИСТИКА
Специфическое обозначение материала и объем 270 с., [17] л. ил., портр., факс.
Размеры 21
300 ## - ОБЩИЕ ПРИМЕЧАНИЯ
Текст примечания Авт. также на англ. яз.: A.I. Grigoriyev, N.A. Grigorian
300 ## - ОБЩИЕ ПРИМЕЧАНИЯ
Текст примечания Парал. тит. л. англ.
300 ## - ОБЩИЕ ПРИМЕЧАНИЯ
Текст примечания Рез. на англ. яз.
510 0# - ПАРАЛЛЕЛЬНОЕ ЗАГЛАВИЕ
Связь между полями z22790
Параллельное заглавие Great son of Russia
Язык заглавия английский
600 #1 - ИМЯ ЛИЦА КАК ПРЕДМЕТ
Начальный элемент ввода Павлов
Часть имени, кроме начального элемента ввода И.П.
Даты 1849 - 1936
Расширение инициалов личного имени Иван Петрович
Системный номер авторитетной/нормативной записи 1320330
Идентификатор авторитетной/нормативной записи RU\NLR\auth\66232577
610 0# - НЕКОНТРОЛИРУЕМЫЕ ПРЕДМЕТНЫЕ ТЕРМИНЫ
Предметный термин Биологические науки -- Физиология, биофизика и биохимия животных и человека -- Физиология животных и человека -- Персоналии -- Павлов Иван Петрович (1849-1936) - физиолог -- Популярные издания
686 ## - ИНДЕКСЫ ДРУГИХ КЛАССИФИКАЦИЙ
Индекс Е903д(2)Павлов И.П.-2я9
Код системы
686 ## - ИНДЕКСЫ ДРУГИХ КЛАССИФИКАЦИЙ
Индекс Е903д(2)Павлов
700 #1 - ИМЯ ЛИЦА - ПЕРВИЧНАЯ ОТВЕТСТВЕННОСТЬ
Код отношения Редактор
Материалы, к которым относится поле rus
Графика поля Кириллица
Начальный элемент ввода Григорьев
Часть имени, кроме начального элемента ввода А. И.
Дополнения к именам, кроме дат д-р мед. наук, косм. медицина
Даты 1943-2023
Расширение инициалов личного имени Анатолий Иванович
Идентификатор авторитетной/нормативной записи RU\NLR\AUTH\776786
Системный номер авторитетной/нормативной записи 116734
701 #1 - ИМЯ ЛИЦА - АЛЬТЕРНАТИВНАЯ ОТВЕТСТВЕННОСТЬ
Код отношения Автор
Материалы, к которым относится поле rus
Графика поля Кириллица
Начальный элемент ввода Григорьян
Часть имени, кроме начального элемента ввода Н. А.
Расширение инициалов личного имени Норавард Андреевна
Идентификатор авторитетной/нормативной записи RU\NLR\auth\7713283
Системный номер авторитетной/нормативной записи 122976
790 #1 - ИМЯ ЛИЦА - АЛЬТЕРНАТИВНАЯ ФОРМА
Связь между полями z22
Начальный элемент ввода Grigoriyev
Часть имени, кроме начального элемента ввода A. I.
Код отношения Автор
790 #1 - ИМЯ ЛИЦА - АЛЬТЕРНАТИВНАЯ ФОРМА
Связь между полями z22
Начальный элемент ввода Grigorian
Часть имени, кроме начального элемента ввода N. A.
Код отношения Автор
801 #0 - ИСТОЧНИК ЗАПИСИ
Страна Российская Федерация
Организация RuMoRKP
Дата составления 20041005
Правила каталогизации rcr
801 #1 - ИСТОЧНИК ЗАПИСИ
Страна Российская Федерация
Организация RuMoRGB
Дата составления 20041005
801 #2 - ИСТОЧНИК ЗАПИСИ
Страна Российская Федерация
Организация NLR
Дата составления 20050321
Правила каталогизации PSBO
942 ## - ДОПОЛНИТЕЛЬНЫЕ ЭЛЕМЕНТЫ ЗАПИСИ (АБИС)
Тип экземпляра АБИС Книга
980 ## - КОЛЛЕКЦИЯ
Название коллекции Национальная библиография
Экземпляры
Тип экземпляра Дата поступления Источник поступления Библиотека постоянного хранения Библиотека текущего хранения Место хранения Шифр хранения Штрих-код Статус экземпляра
Книга 21.03.2005 Обязательный экземпляр РНБ (Московский) РНБ (Московский) Русский книжный фонд: издания с 1957 года 2005-3/6179 1-2848902  
Книга 21.03.2005 Обязательный экземпляр РНБ (Московский) РНБ (Московский) Русский книжный фонд: издания с 1957 года 2005-3/6179 874898